La economía mexicana en el primer trimestre de 1994 y sus perspectivas en el corto plazo /

שמור ב:
מידע ביבליוגרפי
מחבר ראשי: Rangel, José
פורמט: Texto
נושאים:
תגים: הוספת תג
אין תגיות, היה/י הראשונ/ה לתייג את הרשומה!

MARC

LEADER 00000 a a2200000 04500
001 45902
003
040
100 |a Rangel, José  
245 |a La economía mexicana en el primer trimestre de 1994 y sus perspectivas en el corto plazo /  |c José Rangel  
650 |a MEXICO  
650 |a ECONOMIA  
773 |g número73 (1994), páginas 27-30  
999 |c 33328  |d 33328